000 00480nam a2200193Ia 4500
005 20250425161424.0
008 250425s9999 xx 000 0 und d
041 _aeng
082 _a624.1772
100 _aGODDEN, WILLIAM G.
245 0 _aNUMERICAL ANALYSIS OF BEAM AND COLUMN STRUCTURES
250 _aS.E.
260 _aEstados Unidos
_bPRENTICE-HALL
_c1965
260 _aNEW YORK
300 _a309
650 _aANALISIS ESTRUCTURAL
942 _c01
010 _a19949
999 _c208928
_d208928